Canada : La communauté francophone en Ontario - Statistiques

Statistiques générales
  • Ce quiz a été pris 48 fois
  • Le résultat moyen est 7 sur 15
Statistiques - réponses
Questions Réponses % Correct
Symbole de la monarchie française que l'on retrouve sur le drapeau franco-ontarien. La Fleur de Lys
97%
Capitale du Canada située en Ontario qui offre des services municipaux bilingues et deux universités bilingues même si la majorité de la population reste anglophone. Ottawa
97%
Rivière traçant la frontière entre les provinces d'Ontario et de Québec, le long de laquelle la majorité des Franco-Ontariens sont concentrés. La Rivière des Outaouais
74%
Explorateur français qui atteignit le Lac Huron en 1615 dans l'actuel Ontario. Samuel de Champlain
61%
Sport que pratique Claude Giroux, champion du monde en 2015 et que pratiquait Dan Boyle, champion olympique en 2010, tous deux franco-ontariens. Le hockey sur glace
52%
Complétez cette formule du précédent en réponse à la propagande canadienne anglophone pour motiver l'implication des francophones dans la Première Guerre mondiale : "Avant de chasser les ____ d'Alsace-Lorraine, nous chasserons les ____ de l'Ontario" (terme péjoratif pour désigner les Allemands). Boches
39%
Nationaliste canadien français, fondateur du Devoir, qui s'est vigoureusement battu contre l'interdiction de l'enseignement en français dans la province d'Ontario en 1912, le "Règlement 17". Henri Bourassa
39%
Conflit à la suite duquel 10 000 Anglais vaincus vinrent s'installer dans l'actuel Ontario qui était alors encore majoritairement francophone. La Révolution américaine
35%
Nom donné à ces Anglais vaincus. Les Loyalistes
35%
Famille d'explorateurs et de coureurs de bois canadiens français qui au XVIIIe siècle avec le soutien de leurs alliés amérindiens (Cris) établirent une dizaines de postes de traite dans l'Ouest canadien dont le Fort Saint-Pierre, à l'extrême ouest de l'actuelle province d'Ontario, sur le Lac à la Pluie. La Vérendrye
32%
Pape qui par sa lettre apostolique Litteris apostolicis soutint publiquement le droit des enfants canadiens français à un enseignement en français dans les écoles publiques de l'Ontario. Benoit XV
29%
Western d'Alejandro González Iñárritu pour lequel le Franco-Ontarien Roy Dupuis avait refusé un rôle. Il trouvait le film insultant envers les Français d'Amérique présentés comme racistes à l'encontre des Amérindiens. Le Revenant
26%
Chanteur français connu pour sa chanson "Prendre un enfant" qui participa au "Festival franco-ontarien" de 1989 dans la capitale fédérale. Yves Duteil
26%
Acteur montréalais de naissance qui a déménagé à Toronto à l'adolescence, parfait bilingue français-anglais et connu comme l'interprète du Détective William Murdoch. Yannick Bisson
23%
Seul comté à majorité francophone de la province d'Ontario, à 64% selon le recensement de 2011. Prescott et Russell
10%
Aucun quiz correspondant
Distribution des résultats
% des personnes avec chaque résultat
Percentile par nombre de réponses
Votre historique - résultats
Vous n’avez pas pris ce quiz